| 000 | 00871cam a2200253 a 4500 | ||
|---|---|---|---|
| 999 |
_c8812 _d8812 |
||
| 003 | OSt | ||
| 005 | 20210204151701.0 | ||
| 008 | 110802s2012 nyua b 001 0 eng | ||
| 010 | _a 2011032750 | ||
| 020 | _a9781616890537 (pbk. : alk. paper) | ||
| 042 | _apcc | ||
| 082 | 0 | 0 |
_a720.1LAN _223 |
| 100 | 1 | _aLange, Alexandra. | |
| 245 | 1 | 0 |
_aWriting about architecture : _bmastering the language of buildings and cities / _cAlexandra Lange ; with photographs by Jeremy M. Lange. |
| 246 | 3 | 0 | _aMastering the language of buildings and cities |
| 250 | _a1st ed. | ||
| 260 |
_aNew York : _bPrinceton Architectural Press, _cc2012. |
||
| 300 |
_a192 p. : _bill. ; _c22 cm. |
||
| 490 | 0 | _aArchitecture brief series | |
| 504 | _aIncludes bibliographical references (p. 187-191) and index. | ||
| 650 | 0 | _aArchitectural criticism. | |
| 700 | 1 | _aLange, Jeremy M. | |
| 942 | _2ddc | ||